Original McDonald's Menu Items - Statistics

General Stats
  • This quiz has been taken 31 times
  • The average score is 5 of 9
Answer Stats
Foods and Drinks % Correct
Cheeseburger
88%
Hamburger
88%
Coke
81%
French Fries
77%
Milk
54%
Milkshake
46%
Coffee
31%
Root Beer
15%
Orangeade
8%
No matching quizzes found
Score Distribution
Percent of People with Each Score
Percentile by Number Answered
Your Score History
You have not taken this quiz